[Event "Golden Cleopatra"]
[Site "Cairo"]
[Date "1998.??.??"]
[Round "6"]
[White "Stoockalov, Vladimir L"]
[Black "Mohamed, Esam Ahmed Nagib"]
[Result "1-0"]
[WhiteElo "2470"]
[BlackElo "2485"]

1.e4 c5 2.c3 Nf6 3.e5 Nd5 4.Nf3 Nc6 5.Bc4 Nb6 6.Bb3 c4 7.Bc2 Qc7 8.Qe2 g5
9.e6 dxe6 10.Nxg5 Qe5 11.d4 cxd3 12.Bxd3 Qxe2+ 13.Bxe2 h6 14.Ne4 Bg7 15.O-O O-O
16.Na3 e5 17.Nc4 Nd5 18.a4 Nf4 19.Bxf4 exf4 20.a5 Rb8 21.Rfd1 b5 22.axb6 axb6
23.Na3 Bb7 24.f3 Ne5 25.Kf1 Rfe8 26.Nf2 Bc6 27.Nd3 Nxd3 28.Bxd3 Rbd8 29.Be4 Ba4
30.Bc2 Bc6 31.Be4 Ba4 32.Bc2 Bd7 33.Rd2 Be6 34.Rxd8 Rxd8 35.Rd1 Rc8 36.Be4 Kf8
37.Ke2 Ke8 38.Bd5 Bf5 39.Nb5 Bc2 40.Ra1 Be5 41.Ra6 Rb8 42.Nd4 Bxd4 43.cxd4 Bf5
44.Bc6+ Kf8 45.d5 Kg7 46.Ra4 e5 47.dxe6 Bxe6 48.Rb4 Rd8 49.Be4 Re8 50.Rxb6 f5
51.Bc6 Bc4+ 52.Kd2 Re6 53.Kc3 Bf1 54.g3 fxg3 55.hxg3 Kf6 56.Kd4 Bg2 57.Kc4 Re3
58.Bd5+ Kg7 59.Kd4 Re7 60.Rb7 Rxb7 61.Bxb7  1-0

[Event "Cannes op"]
[Site "Cannes"]
[Date "1998.??.??"]
[Round "1"]
[White "Bergez, Luc"]
[Black "Gallagher, Joseph G"]
[Result "0-1"]
[WhiteElo "2380"]
[BlackElo "2490"]

1.e4 c5 2.c3 Nf6 3.e5 Nd5 4.d4 cxd4 5.cxd4 d6 6.Nf3 Nc6 7.Bc4 Nb6 8.Bb3 dxe5
9.d5 Na5 10.Nc3 Nxb3 11.Qxb3 e6 12.Nxe5 exd5 13.Be3 Bd6 14.Qb5+ Kf8 15.O-O-O Be6
16.f4 Bxe5 17.fxe5 h6 18.Kb1 Kg8 19.Bxb6 axb6 20.Nxd5 Qg5 21.h4 Qf5+ 22.Ka1 Kh7
23.Qe2 Rhc8 24.a3 Rc2 25.Qe3 Rxg2 26.Nf4 Rxa3+ 27.Qxa3 Qxf4 28.Qd3+ Bf5 29.Rhf1 Qa4+
30.Qa3 Rg4 31.Rde1 Be6 32.h5 Qb5 33.Kb1 Ra4 34.Qf3 Ba2+ 35.Kc1 Rc4+ 36.Kd1 Qd7+
37.Ke2 Rc2+ 38.Ke3 Qd2+  0-1

[Event "Cannes op"]
[Site "Cannes"]
[Date "1998.??.??"]
[Round "6"]
[White "Godena, Michele"]
[Black "Janssen, Ruud"]
[Result "1-0"]
[WhiteElo "2500"]
[BlackElo "2290"]

1.e4 c5 2.c3 Nf6 3.e5 Nd5 4.Nf3 e6 5.d4 cxd4 6.cxd4 Qc7 7.Bd3 Nc6 8.O-O Ncb4
9.Be4 f5 10.exf6 Nxf6 11.Nc3 Nxe4 12.Nxe4 Qc2 13.Nc3 d5 14.Nb5 Qc6 15.a4 Bd6
16.Ne5 Bxe5 17.Qh5+ Kf8 18.Qxe5 a6 19.Bh6 Qd7 20.Nc7 Nc6 21.Nxe6+ Kg8 22.Qg3 g6
23.Rfe1 Ne7 24.Nc5  1-0

[Event "Cappelle op"]
[Site "Cappelle la Grande"]
[Date "1998.??.??"]
[Round "4"]
[White "Turov, Maxim"]
[Black "Fominyh, Alexander"]
[Result "1/2-1/2"]
[WhiteElo "2445"]
[BlackElo "2530"]

1.e4 c5 2.c3 Nf6 3.e5 Nd5 4.Nf3 Nc6 5.Bc4 Nb6 6.Bb3 d5 7.exd6 Qxd6 8.d4 e6
9.Be3 cxd4 10.Nxd4 Bd7 11.O-O Nxd4 12.Bxd4 Bc6 13.Qe2 Be7 14.Nd2 Qf4 15.g3 Qh6
16.f4 O-O 17.Nf3 Bf6 18.Ne5 Bxe5 19.Qxe5 Nd7 20.Qg5 Qxg5 21.fxg5 b6 22.Rad1 Rad8
23.Rfe1 Bf3 24.Rd3 Bh5 25.Rde3 Nc5 26.Bc4 Nb7 27.Bd3 Nd6 28.h3 Bg6 29.g4 Bxd3
30.Rxd3 Nb5 31.Red1 Nxd4 32.Rxd4 Rc8 33.Kg2 Rc5 34.h4 h6 35.gxh6 gxh6 36.Rd7 a5
37.R1d6 b5 38.Rb6 b4 39.cxb4 Rc2+ 40.Kf3 Rxb2 41.bxa5 Rxa2 42.a6 Ra8 43.Rbb7  1/2-1/2

[Event "Ceske Budejovice op"]
[Site "Ceske Budejovice"]
[Date "1998.??.??"]
[Round "?"]
[White "Praznik, Anton"]
[Black "Starostits, Ilmas"]
[Result "0-1"]
[WhiteElo "2210"]
[BlackElo "2330"]

1.e4 c5 2.c3 Nf6 3.e5 Nd5 4.d4 cxd4 5.Nf3 Nc6 6.cxd4 d6 7.Bc4 e6 8.O-O Be7
9.Qe2 a6 10.Nc3 Nxc3 11.bxc3 d5 12.Bd3 Bd7 13.a4 Na5 14.Be3 Rc8 15.Qb2 Rc6
16.Nd2 Qc7 17.Rfc1 O-O 18.Qc2 g6 19.c4 dxc4 20.Be4 b5 21.axb5 axb5 22.h4 Bxh4
23.g3 Be7 24.Kg2 Ra6 25.Rh1 Bc6 26.Rh6 f5 27.exf6 Bxf6 28.Rah1 Rf7 29.f3 Bxe4
30.Nxe4 Qe7 31.g4 Nc6 32.g5 Bh8 33.Nc5 Ra7 34.Qxg6+ Rg7 35.Qxe6+ Qxe6 36.Nxe6 Rg6
37.d5 Ra2+ 38.Kg3 Rxh6 39.gxh6 Ne7 40.Rh5 Kf7 41.Nc7 b4 42.d6 b3 43.Rc5 b2
44.d7 b1=Q 45.d8=N+ Kg8 46.Rg5+ Ng6 47.Nd5 Qb8+  0-1

[Event "Copenhagen-ch"]
[Site "Copenhagen"]
[Date "1998.??.??"]
[Round "1"]
[White "Greger, Roland"]
[Black "Holm Petersen, Sejer"]
[Result "1/2-1/2"]
[WhiteElo "2290"]
[BlackElo "2360"]

1.e4 c5 2.c3 Nf6 3.e5 Nd5 4.d4 cxd4 5.Nf3 Nc6 6.Bc4 e6 7.cxd4 d6 8.O-O Be7
9.Nbd2 Nb6 10.Bb5 dxe5 11.Nxe5 Bd7 12.Nxd7 Qxd7 13.Nf3 Bf6 14.Be3 O-O 15.Rc1 Rac8
16.Qe2 Qd5 17.Bxc6 Rxc6 18.Rxc6 Qxc6 19.Rc1 Qd5 20.b3 h6 21.Rc5 Qd6 22.Ne5 Nd5
23.Qh5 b6 24.Rc4 Nxe3 25.fxe3 Bxe5 26.Qxe5 Qxe5 27.dxe5 Rd8 28.Ra4 a5 29.Rd4 Rc8
30.Kf2 Rc5 31.a4 Rxe5 32.Rd8+ Kh7 33.Rb8 Rc5 34.Rxb6 Rc2+ 35.Kf3 Rb2 36.h4 h5
37.Rb5 Kg6 38.g3 f6 39.Rxa5 Rxb3 40.Rb5 Ra3 41.a5 Ra4 42.e4 Ra3+ 43.Kf2 e5
44.Rc5  1/2-1/2

[Event "Copenhagen-ch"]
[Site "Copenhagen"]
[Date "1998.??.??"]
[Round "7"]
[White "Greger, Roland"]
[Black "El Kher, Henrik"]
[Result "1/2-1/2"]
[WhiteElo "2290"]
[BlackElo "2290"]

1.e4 c5 2.c3 Nf6 3.e5 Nd5 4.d4 cxd4 5.Nf3 Nc6 6.Bc4 Nb6 7.Bb3 g6 8.cxd4 Bg7
9.O-O O-O 10.Nc3 d6 11.Bf4 Bg4 12.Re1 Qd7 13.Re4 Bxf3 14.gxf3 d5 15.Re3 Nd8
16.Ne2 Ne6 17.Bg3 Bh6 18.f4 f6 19.Rc3 fxe5 20.dxe5 Nxf4 21.Nxf4 Bxf4 22.Qd4 Bxg3
23.hxg3 Rac8 24.Rac1 e6 25.a4 Rxc3 26.Rxc3 Rc8 27.a5 Rxc3 28.bxc3 Nc8 29.c4 Ne7
30.Qxa7 dxc4 31.Bxc4 Nc6 32.Qc5 Kf7  1/2-1/2

[Event "CZE-ch U18"]
[Site "CZE"]
[Date "1998.??.??"]
[Round "?"]
[White "Novotny, R."]
[Black "Schauer, Jiri"]
[Result "1-0"]
[WhiteElo "1890"]
[BlackElo "2105"]

1.e4 c5 2.c3 Nf6 3.e5 Nd5 4.d4 Nc6 5.Nf3 cxd4 6.cxd4 e6 7.a3 d6 8.Bd3 Qb6
9.O-O dxe5 10.dxe5 Bc5 11.Nbd2 Nd4 12.Nxd4 Bxd4 13.Nc4 Qc7 14.Re1 O-O 15.Qg4 Bb6
16.Nxb6 Nxb6 17.Qh4 f5 18.exf6 gxf6 19.Bh6 Rf7 20.Re3 Qe7 21.Rg3+ Kh8 22.Bg6 hxg6
23.Bf8+ Rh7 24.Bxe7  1-0

[Event "CZE-chT2V 9899"]
[Site "CZE"]
[Date "1998.??.??"]
[Round "?"]
[White "Hala, Bohumil"]
[Black "Vacek, Radomir"]
[Result "1-0"]
[WhiteElo "2195"]
[BlackElo "2240"]

1.e4 c5 2.c3 Nf6 3.e5 Nd5 4.d4 cxd4 5.Nf3 e6 6.cxd4 b6 7.Bd3 Bb4+ 8.Bd2 Ba6
9.Bxb4 Nxb4 10.Bxa6 N8xa6 11.Nc3 Nc7 12.O-O O-O 13.Ne4 Nbd5 14.Rc1 f6 15.Qc2 Qe8
16.Rfe1 Qg6 17.Ng3 f5 18.Qd2 h6 19.Rc4 a6 20.Rec1 Ra7 21.Ne2 Qf7 22.h4 Qh5
23.R1c2 Qg4 24.Qc1 Ne8 25.Rc8 Ne7 26.Rb8 b5 27.Qd2 Nc6 28.Rc8 Rc7 29.Ra8 Ne7
30.Rxe8  1-0

[Event "CZE-chT 9899"]
[Site "CZE"]
[Date "1998.??.??"]
[Round "1"]
[White "Cicak, Slavko"]
[Black "Dydyshko, Viacheslav"]
[Result "0-1"]
[WhiteElo "2480"]
[BlackElo "2485"]

1.e4 c5 2.c3 Nf6 3.e5 Nd5 4.Bc4 Nb6 5.Bb3 c4 6.Bc2 d6 7.exd6 Qxd6 8.b3 Nc6
9.Ne2 g6 10.O-O Bg7 11.Na3 Ne5 12.bxc4 Nexc4 13.Nxc4 Nxc4 14.d3 Nb6 15.a4 O-O
16.Ba3 Qc7 17.Bb3 Rd8 18.Qc2 Bf5 19.Qa2 e6 20.d4 Bd3 21.Rac1 Nc4 22.Bb4 Na5
23.Bxa5 Qxa5 24.Rfd1 Bxe2 25.Qxe2 Rac8 26.Qb5 Qxb5 27.axb5 a6 28.bxa6 bxa6
29.Kf1 Rc7 30.Ke2 Rb8 31.Rb1 Rxc3 32.Ba4 Rxb1 33.Rxb1 Bxd4 34.Rb8+ Kg7 35.Rb7 Rc5
36.Be8 Rf5 37.f3 h5 38.Kd3 Bg1 39.h3 h4 40.Ke4 Bf2 41.Rb8 Be1 42.Ra8 a5 43.Ke3 Bb4
44.Rc8 Re5+ 45.Kd4 Rd5+ 46.Ke3 Bd2+ 47.Ke2 Bf4 48.Ra8 f5 49.Ra7+ Kf6 50.Ra6 Rd2+
51.Kf1 Bg3 52.Rxa5 Rd1+ 53.Ke2 Rg1 54.Ra6 Rxg2+ 55.Ke3 g5 56.Kd3 Bf4 57.Bc6 Rh2
58.Kd4 Ke7 59.Ra7+ Kd6 60.Ba4 e5+ 61.Kc4 Rxh3 62.Rd7+ Ke6 63.Rd3 Rh1 64.Bb3 Rc1+  0-1

[Event "Moravia-chT 9899"]
[Site "CZE"]
[Date "1998.??.??"]
[Round "2"]
[White "Blazkova, Petra"]
[Black "Jurasek, Miroslav"]
[Result "0-1"]
[WhiteElo "2240"]
[BlackElo "2345"]

1.e4 c5 2.c3 Nf6 3.e5 Nd5 4.d4 cxd4 5.Nf3 e6 6.cxd4 d6 7.Bd3 Nc6 8.O-O Be7
9.Qe2 Ndb4 10.Bc4 d5 11.Bb5 a6 12.Ba4 b5 13.Bd1 Na5 14.b3 Nbc6 15.Bc2 Bd7
16.a3 Rc8 17.Be3 Qb6 18.Rd1 h6 19.Ne1 Kd8 20.Qg4 Bf8 21.Qf3 Be8 22.Nc3 Ne7
23.Ne2 Kc7 24.Nd3 Nf5 25.Bd2 Nc6 26.Bc3 Kb8 27.Ndf4 g6 28.b4 Be7 29.Ra2 Nh4
30.Qd3 g5 31.Nh5 f5 32.exf6 Bd6 33.Nhg3 Rf8 34.Qd2 Rxf6 35.a4 Ne5 36.Kh1 Ng4
37.Kg1 Rxf2 38.axb5 Rxg2+ 39.Kf1 Nxh2+  0-1

[Event "Moravia-chT 9899"]
[Site "CZE"]
[Date "1998.??.??"]
[Round "2"]
[White "Bazant, Petr Jr"]
[Black "Potomak, Vladimir"]
[Result "1-0"]
[WhiteElo "2075"]
[BlackElo "2180"]

1.e4 c5 2.c3 Nf6 3.e5 Nd5 4.d4 cxd4 5.Nf3 d6 6.cxd4 e6 7.Bd3 Be7 8.O-O Nd7
9.Nbd2 dxe5 10.dxe5 Nc5 11.Bb1 Bd7 12.Nd4 Qc7 13.N2f3 Rc8 14.Qe2 Na4 15.Be4 Nab6
16.Bg5 Bxg5 17.Nxg5 Qxe5 18.Nxf7 Qxd4 19.Nxh8 Ke7 20.Bxd5 Nxd5 21.Rad1 Nf4
22.Qf3 Qf6 23.Qxb7 Rd8 24.Rd2 g5 25.Rfd1 Nd5 26.Rxd5 exd5 27.Qb4+ Ke8 28.Re1+ Be6
29.Qb7 Qe7 30.Qc6+  1-0

[Event "Moravia-chT 9899"]
[Site "CZE"]
[Date "1998.??.??"]
[Round "3"]
[White "Sosna, Jan"]
[Black "Piza, Vlastimil"]
[Result "1/2-1/2"]
[WhiteElo "2360"]
[BlackElo "2305"]

1.e4 c5 2.c3 Nf6 3.e5 Nd5 4.d4 cxd4 5.Nf3 e6 6.cxd4 d6 7.a3 Nd7 8.Bd3 Qc7
9.O-O a6 10.Re1 dxe5 11.dxe5 g6 12.Be4 N7b6 13.Bg5 Bg7 14.Nbd2 O-O 15.Rc1 Qb8
16.Nc4 Nxc4 17.Rxc4 b5 18.Rd4 Bb7 19.Qd2 Rc8 20.h4 h5 21.Bh6 Rc7 22.Bxg7 Kxg7
23.Ng5 Qa7 24.Bxd5 Bxd5 25.Qf4 Qc5 26.Qf6+ Kg8 27.Red1 Qe7 28.Ne4 Rac8 29.Qxe7 Rxe7
30.Nf6+ Kg7 31.Nxd5 exd5 32.Rxd5 Rc2 33.b4 Re2 34.f4 Rc7 35.R1d3 Rcc2 36.Rg3 Re1+
37.Kh2 Rf1 38.Rd4 Rcf2 39.e6 fxe6 40.Rd6 Rxf4 41.Rxa6 Rxh4+ 42.Rh3 Rxh3+
43.Kxh3 Kf6 44.g3 Rf2 45.Ra8 Rd2 46.Rf8+ Ke5 47.Rg8 Kf5 48.Rf8+ Kg5 49.Re8 Rd6
50.Ra8 Kf5 51.Rb8 Rd5 52.Rf8+ Kg5 53.Ra8 Kf6 54.Rf8+ Ke7 55.Rg8 Kf7 56.Ra8 e5
57.Ra6 e4 58.Kg2 Rf5 59.Rd6 Rf3 60.Rd5 Rxa3 61.Rxb5 Kf6 62.Rc5 e3 63.Rc1 Ke5
64.Kf3 Kd4 65.b5 Rb3 66.b6 g5 67.Rd1+ Ke5 68.Rd8 Rxb6 69.Kxe3 Kf5 70.Rd4  1/2-1/2

[Event "Moravia-chT 9899"]
[Site "CZE"]
[Date "1998.??.??"]
[Round "3"]
[White "Miculka, Petr"]
[Black "Vavra, Pavel"]
[Result "0-1"]
[WhiteElo "2130"]
[BlackElo "2220"]

1.e4 c5 2.c3 Nf6 3.e5 Nd5 4.d4 cxd4 5.Nf3 e6 6.cxd4 Qc7 7.Bd3 b6 8.O-O Bb7
9.Nbd2 d6 10.Nc4 Nd7 11.Bd2 dxe5 12.Ncxe5 Nxe5 13.Nxe5 Bd6 14.Bb5+ Kf8 15.Rc1 Qe7
16.Qh5 Bxe5 17.dxe5 h6 18.a3 Kg8 19.Rc4 a6 20.Bc6 Bxc6 21.Rxc6 b5 22.Rfc1 Kh7
23.g4 Rhd8 24.g5 Rd7 25.gxh6 g6 26.Qg4 Rc7 27.Rxc7 Nxc7 28.Bb4 Qd7 29.Bd6 Nd5
30.Rc5 f5 31.Qg5 a5 32.Qd2 b4 33.Rxd5 exd5 34.Qxd5 Re8 35.Qxa5 bxa3 36.Qxa3 f4
37.Qf3 Qf5 38.b4 Kxh6 39.h4 Rc8 40.Kg2 g5 41.hxg5+ Qxg5+ 42.Kf1 Rc1+ 43.Ke2 Qf5
44.Qa8 f3+ 45.Kd2 Qf4+ 46.Kd3 Rd1+ 47.Kc2 Qd2+ 48.Kb3 Qd3+  0-1

[Event "Moravia-chT 9899"]
[Site "CZE"]
[Date "1998.??.??"]
[Round "4"]
[White "Buchnicek, Petr"]
[Black "Michenka, Jozef"]
[Result "1/2-1/2"]
[WhiteElo "2240"]
[BlackElo "2315"]

1.e4 c5 2.c3 Nf6 3.e5 Nd5 4.d4 cxd4 5.cxd4 d6 6.Nf3 Nc6 7.Bc4 Nb6 8.Bb5 dxe5
9.Nxe5 Bd7 10.Bxc6 Bxc6 11.Nxc6 bxc6 12.O-O g6 13.Bg5 h6 14.Be3 Bg7 15.Qc1 Rc8
16.Nc3 Nc4 17.Rd1 Nxe3 18.Qxe3 O-O 19.Rac1 e6 20.g3 h5 21.a3 Rc7 22.Ne2 Qd6
23.Rd3 Rd8 24.Rdc3 h4 25.Qe4 hxg3 26.hxg3 Bxd4 27.Rxc6 Rxc6 28.Rxc6 Qd5 29.Qxd4 Qxd4
30.Nxd4 Rxd4 31.Ra6 Rd7 32.Kg2 Kf8 33.Kf3 Ke7 34.b4 f5 35.Ke3 g5 36.f3 Kf6
37.Rc6 Ke5 38.Rc5+ Kd6 39.g4 Rf7 40.Ra5 Kc6 41.Ra6+ Kd5 42.gxf5 exf5 43.Rg6 g4
44.fxg4 fxg4 45.Rxg4 Kc6 46.Kd4 a5 47.Rg6+ Kb7 48.b5 Rf3 49.a4 Ra3 50.Kd5 Ra1
51.Rg4 Kb6 52.Rc4 Ra2 53.Ke6 Ra1 54.Kd7 Ra2 55.Rc6+ Kb7 56.Rc7+ Kb6 57.Rc4 Ra1
58.Rh4 Ra2 59.Rh6+ Kb7 60.Rh4 Kb6 61.Rh8 Rxa4 62.Rb8+ Ka7 63.Rh8  1/2-1/2

[Event "CZE-chT 9899"]
[Site "CZE"]
[Date "1998.??.??"]
[Round "4"]
[White "Pisk, Petr"]
[Black "Veselovsky, Sergey"]
[Result "1-0"]
[WhiteElo "2315"]
[BlackElo "2445"]

1.e4 c5 2.c3 Nf6 3.e5 Nd5 4.d4 cxd4 5.Nf3 d6 6.Qxd4 e6 7.g3 Nc6 8.Qe4 dxe5
9.Nxe5 Nxe5 10.Qxe5 Bd7 11.Bg2 Bc6 12.O-O Ne7 13.c4 Qc8 14.Qe2 Bxg2 15.Kxg2 Qc6+
16.f3 Nf5 17.Rd1 Be7 18.Nc3 O-O 19.Ne4 Rad8 20.Bf4 f6 21.b3 g5 22.Be3 Nxe3+
23.Qxe3 g4 24.Nf2 f5 25.Rxd8 Rxd8 26.Rd1 Rxd1 27.Nxd1 Kf7 28.h3 h5 29.hxg4 hxg4
30.Nc3 Bc5 31.Qd3 a6 32.Ne2 b5 33.cxb5 axb5 34.a4 bxa4 35.bxa4 Qxa4 36.fxg4 fxg4
37.Qh7+ Ke8 38.Qh5+ Kd7 39.Qxc5 Qe4+ 40.Kf2 Qf3+ 41.Ke1 Ke8 42.Qe5 Ke7 43.Kd2 Kf7
44.Qf4+ Kg6 45.Qxf3 gxf3 46.Nd4 Kg5 47.Ke3 Kg4 48.Kf2 e5 49.Nxf3 e4 50.Nh2+ Kh3
51.g4  1-0

[Event "CZE-chT2 9798"]
[Site "CZE"]
[Date "1998.??.??"]
[Round "5.5"]
[White "Kulhanek, Tomas"]
[Black "Simsa, Otakar"]
[Result "1/2-1/2"]
[WhiteElo "2210"]
[BlackElo "2130"]

1.e4 c5 2.c3 Nf6 3.e5 Nd5 4.d4 cxd4 5.Nf3 Nc6 6.Bc4 Nb6 7.Bb3 d6 8.exd6 Qxd6
9.Na3 a6 10.O-O Bf5 11.Nxd4 Nxd4 12.cxd4 e6 13.Qf3 Qd7 14.Bf4 Bxa3 15.bxa3 O-O
16.Rad1 Nd5 17.Bxd5 Qxd5 18.Qxd5 exd5 19.Rfe1  1/2-1/2

[Event "CZE-chT2 9798"]
[Site "CZE"]
[Date "1998.??.??"]
[Round "9.4"]
[White "Pokorny, Zdenek"]
[Black "Simsa, Otakar"]
[Result "1-0"]
[WhiteElo "2310"]
[BlackElo "2130"]

1.e4 c5 2.c3 Nf6 3.e5 Nd5 4.d4 cxd4 5.Nf3 d6 6.cxd4 Nc6 7.Bc4 Nb6 8.Bb5 Bd7
9.Nc3 e6 10.O-O dxe5 11.dxe5 Be7 12.Qe2 a6 13.Bd3 Nb4 14.Be4 Bc6 15.Rd1 Qc7
16.Bg5 Bxg5 17.Nxg5 h6 18.Qh5 Bxe4 19.Nxe6 Qe7 20.Nxg7+ Kf8 21.Nxe4 Kxg7
22.Nd6 Kf8 23.Rd4 Nc6 24.Re4 Nd8 25.Rd1 Nd7 26.Nf5 Nf6 27.Qh4 Qe6 28.Qxf6 Qxf6
29.exf6 Ne6 30.h4 h5 31.f3 Rg8 32.Ne7 Rh8 33.Nf5 Rg8 34.Ne7 Rh8 35.Rxe6 fxe6
36.Ng6+ Kf7 37.Nxh8+ Rxh8 38.Rd7+ Kxf6 39.Rxb7 Rd8 40.Rb6 Rd2 41.a3 a5 42.Rb5 e5
43.Kh2 Kf5 44.Kg3 a4 45.Rb4 Rc2 46.Kh3 Rd2 47.Rxa4 Rxb2 48.Ra6 Rb3 49.Kh2 Re3
50.Rh6 Rxa3 51.Rxh5+ Kf6 52.Rg5 Ra2 53.Rg4 Rb2 54.Ra4 Rc2 55.Kh3 Rc3 56.Kg4 Rc2
57.Ra6+ Kf7 58.g3 Rc3 59.Ra4 Kg6 60.Re4 Kf6 61.h5 Ra3 62.Rb4 Rc3 63.Rb6+ Kf7
64.h6 Ra3 65.Rb7+ Kg6 66.h7 Ra8 67.Kh3 Rf8 68.Kg2 Rc8 69.Kf2 Kf5 70.Rg7 Rc2+
71.Kg1 Rc1+ 72.Kg2 Rc2+ 73.Kh3 Rc1 74.g4+ Kf6 75.Ra7 Rh1+ 76.Kg2 Rh4 77.Kg3 Rh1
78.Kf2 Rh2+ 79.Ke3 Rh1 80.Rc7 Re1+ 81.Kd2 Rh1 82.Kd3 Rd1+ 83.Ke4 Re1+ 84.Kd5 Rd1+
85.Kc6 Rh1 86.Kb7 Kg6 87.Kc8 Rh3 88.Kd8 Kf6 89.Ke8 Kg6 90.Re7 Rh4 91.Kf8 e4
92.Rg7+ Kf6 93.fxe4 Rh1 94.g5+ Ke5 95.Re7+ Kd6 96.g6 Rh6 97.e5+ Kd5 98.Kg7  1-0

[Event "POL-ch sf"]
[Site "Czestochowa"]
[Date "1998.??.??"]
[Round "6"]
[White "Pinski, Jan"]
[Black "Kosiorek, Marek"]
[Result "1-0"]
[WhiteElo "2320"]
[BlackElo "2360"]

1.e4 c5 2.c3 Nf6 3.e5 Nd5 4.d4 cxd4 5.cxd4 d6 6.Nf3 e6 7.a3 Bd7 8.Bd3 dxe5
9.dxe5 Bc6 10.O-O Nd7 11.Re1 Be7 12.Nd4 g6 13.Qg4 Qc7 14.Qg3 Qb6 15.Nxc6 bxc6
16.Nd2 O-O 17.Nc4 Qc7 18.h4 N7b6 19.Nd6 Rfd8 20.Ne4 f5 21.Ng5 Qd7 22.h5 Kg7
23.Qh3 Rh8 24.h6+ Kf8 25.Nf3 Rd8 26.Qg3 Kf7 27.Bxf5 Nc7 28.Be4 Nbd5 29.Ng5+ Bxg5
30.Bxg5 Rb8 31.b4 Rhf8 32.Rad1 Kg8 33.Be3 Nb5 34.Bc5 Rfd8 35.Rd3  1-0

[Event "Debrecen op"]
[Site "Debrecen"]
[Date "1998.??.??"]
[Round "10"]
[White "Okhotnik, Vladimir"]
[Black "Mate, Laszlo"]
[Result "1-0"]
[WhiteElo "2405"]
[BlackElo "2340"]

1.e4 c5 2.c3 Nf6 3.e5 Nd5 4.d4 cxd4 5.cxd4 d6 6.Nf3 Nc6 7.Bc4 Nb6 8.Bb3 dxe5
9.d5 Na5 10.Nc3 Nxb3 11.Qxb3 e6 12.Bg5 Be7 13.Rd1 Bxg5 14.dxe6 Qe7 15.Nxg5 Qxg5
16.Qb5+ Kf8 17.Qc5+ Ke8 18.Ne4 Qe7 19.Nd6+ Kf8 20.Nf5  1-0

[Event "Decin op-A"]
[Site "Decin"]
[Date "1998.??.??"]
[Round "3"]
[White "Alekseev, Andrey"]
[Black "Chernyshov, Konstantin"]
[Result "0-1"]
[WhiteElo "2270"]
[BlackElo "2485"]

1.e4 c5 2.c3 Nf6 3.e5 Nd5 4.d4 cxd4 5.Nf3 Nc6 6.Bc4 Nb6 7.Bb3 g6 8.cxd4 Bg7
9.O-O O-O 10.h3 d6 11.Qe2 Na5 12.Bc2 Be6 13.Rd1 Bc4 14.Bd3 Bxd3 15.Rxd3 Qd7
16.Nc3 Nc6 17.Bf4 d5 18.Re1 Rac8 19.Nh2 Nb4 20.Rdd1 Na4 21.a3 Nxc3 22.bxc3 Na6
23.Qe3 Nc7 24.Bh6 Bxh6 25.Qxh6 Qf5 26.Ng4 Ne6 27.Ne3 Qe4 28.f3 Qf4 29.Qxf4 Nxf4
30.g3 Nxh3+ 31.Kg2 Ng5 32.Nxd5 Rfe8 33.f4 Ne6 34.Re3 Kf8 35.Red3 b5 36.Ne3 Red8
37.Kf3 Rd7 38.g4 Rdc7 39.Nd5 Rc4 40.f5 Nc7 41.Ne3 Ra4 42.Rh1 Kg8 43.d5 Ne8
44.d6 exd6 45.exd6 Rd8 46.Rhd1 g5 47.Nc2 Rf4+ 48.Ke2 Rxg4 49.Nb4 Nf6 50.Nc6 Re8+
51.Kd2 Nd7 52.Ne7+ Kg7 53.Kc1 h5 54.Rf3 h4 55.f6+ Kh6 56.Re1 Kh5 57.Rh1 Rg2
58.Rf5 a6 59.Rd5 Rd8 60.Rf5 Nb6 61.Nc6 Rc8 62.Ne5 Rxc3+ 63.Kb1 Rb3+ 64.Kc1 Rxa3
65.Kb1 Na4  0-1

[Event "Decin op-A"]
[Site "Decin"]
[Date "1998.??.??"]
[Round "4"]
[White "Kernazhitsky, Leonid"]
[Black "Namgilov, Sogto"]
[Result "0-1"]
[WhiteElo "2425"]
[BlackElo "2430"]

1.e4 c5 2.c3 Nf6 3.e5 Nd5 4.Nf3 d6 5.d4 cxd4 6.cxd4 e6 7.a3 Bd7 8.Bd3 Bc6
9.O-O Nd7 10.Qe2 Be7 11.b4 a6 12.Bd2 N7b6 13.Rc1 Qd7 14.Nc3 Nxc3 15.Bxc3 Nd5
16.Qd2 O-O 17.exd6 Bxd6 18.Ne5 Bxe5 19.dxe5 Rfd8 20.Be2 Qe7 21.Bb2 Rd7 22.g3 Rad8
23.Bxa6 Nc7 24.Qe2 Rd2 25.Qc4 Rxb2 26.Bxb7 Bxb7 27.Qxc7 Rd1+  0-1

[Event "Decin op-A"]
[Site "Decin"]
[Date "1998.??.??"]
[Round "6"]
[White "Kernazhitsky, Leonid"]
[Black "Kolybin, Alexei V"]
[Result "1/2-1/2"]
[WhiteElo "2425"]
[BlackElo "2360"]

1.e4 c5 2.c3 Nf6 3.e5 Nd5 4.Nf3 b6 5.d4 cxd4 6.Bc4 Bb7 7.Qxd4 e6 8.Nbd2 Qc7
9.Qg4 Ne7 10.Bd3 Ng6 11.Bxg6 hxg6 12.Ne4 d6 13.exd6 Bxd6 14.Be3 Be7 15.O-O-O Nd7
16.Bf4 Qc4 17.Rxd7 Bxe4 18.Ne5 Qa4 19.Qd1 Qxd1+ 20.Rhxd1 g5 21.Bg3 f6 22.f3 Bd5
23.Rxe7+ Kxe7 24.Ng6+ Kf7 25.Nxh8+ Rxh8 26.b3 b5 27.Kb2 Rc8 28.Rd4 a6 29.a4 Bc6
30.axb5 axb5 31.Rd2 e5 32.Ka3 Ke6 33.Kb4 Bd7 34.Bf2 Rc6 35.Bc5 Ra6 36.c4 bxc4
37.Kxc4 Be8 38.h3 Ra1 39.Bf8 Rc1+ 40.Kb4 Rc7 41.Bc5 Rb7+ 42.Kc3 Bb5  1/2-1/2

[Event "Mester Aktiv Alliancen"]
[Site "Denmark"]
[Date "1998.??.??"]
[Round "3"]
[White "Nilsson, Nils Specht"]
[Black "Andersen, Preben"]
[Result "1/2-1/2"]
[WhiteElo "2160"]
[BlackElo "2035"]

1.e4 c5 2.c3 Nf6 3.e5 Nd5 4.d4 cxd4 5.cxd4 d6 6.Bc4 Nb6 7.Bb5+ Bd7 8.Bxd7+ Qxd7
9.Nf3 Nc6 10.Nc3 g6 11.Bf4 dxe5 12.Nxe5 Nxe5 13.Bxe5 f6 14.Bg3 Qe6+ 15.Qe2 Qxe2+
16.Kxe2 Bh6 17.Rad1 Kf7 18.Rd3 Rad8 19.Bc7 Nd5 20.Nxd5 Rxd5 21.Rhd1 Rc8 22.Rc3 Rd7
23.Ba5 Re8 24.Rh3 Kg7 25.Bc3 Red8 26.Rdd3 Bf4 27.Rhf3 Bc7 28.Rd2 Bb6 29.Rfd3 Rd5  1/2-1/2

[Event "DEN-ch cand"]
[Site "Denmark"]
[Date "1998.??.??"]
[Round "4"]
[White "Pedersen, Daniel Vesterbaek"]
[Black "Antonsen, Mikkel"]
[Result "0-1"]
[WhiteElo "2250"]
[BlackElo "2405"]

1.e4 c5 2.c3 Nf6 3.e5 Nd5 4.d4 cxd4 5.Nf3 e6 6.cxd4 b6 7.Bd3 Ba6 8.O-O Qc8
9.Re1 Bb4 10.Bxa6 Qxa6 11.Bd2 Nc6 12.a3 O-O 13.Bxb4 Ncxb4 14.Nc3 Nxc3 15.axb4 Nxd1
16.Rxa6 Nxb2 17.Rea1 Nd3 18.b5 Rfc8 19.g3 Kf8 20.Rxa7 Rxa7 21.Rxa7 Rc1+ 22.Kg2 Rc2
23.Kg1 Ke7 24.Rb7 Nxf2 25.Rxb6 Nh3+ 26.Kh1  0-1

[Event "Dieren op"]
[Site "Dieren"]
[Date "1998.??.??"]
[Round "9"]
[White "Van Helvoort, R."]
[Black "De Vreugt, Dennis"]
[Result "0-1"]
[WhiteElo "2175"]
[BlackElo "2380"]

1.e4 c5 2.c3 Nf6 3.e5 Nd5 4.d4 cxd4 5.Nf3 e6 6.cxd4 d6 7.Bc4 Bd7 8.Bxd5 exd5
9.Qb3 Bc6 10.O-O Be7 11.Nc3 dxe5 12.Nxe5 O-O 13.Re1 Bf6 14.Bf4 Na6 15.Rac1 Rc8
16.Ne2 Re8 17.Ng3 g6 18.Rc3 Nc7 19.Nf5 Bxe5 20.Rxe5 gxf5 21.Rh3 Ne6 22.Qg3+ Kh8
23.Rxf5 Ng7 24.Be5 Rxe5 25.Qxe5 Bd7 26.g4 Bxf5 27.gxf5 f6 28.Qg3 Nxf5 29.Qf4 Qg8+
30.Kf1 Qg5 31.Rf3 Qxf4 32.Rxf4 Ne7 33.Rxf6 Kg7 34.Rd6 Rc7 35.Kg2 Kf8 36.Kf3 Ke8
37.Kf4 Ng6+ 38.Kg5 Rc2 39.h4 Rxf2 40.h5 Ne7 41.b4 Rxa2 42.b5 Rf2 43.Re6 Kd7
44.Re1 Rf5+ 45.Kh6 Rf7 46.Ra1 Nf5+ 47.Kg5 Nxd4 48.Rxa7 Kd6 49.b6 Nf3+ 50.Kh6 Ne5
51.Ra8 d4 52.Rg8 d3 53.Rg2 Kc5 54.Rg1 d2 55.Rb1 Nc4  0-1

[Event "Sparkasse op"]
[Site "Dortmund"]
[Date "1998.??.??"]
[Round "?"]
[White "Schmittdiel, Eckhard"]
[Black "Souleidis, Georgios"]
[Result "1/2-1/2"]
[WhiteElo "2460"]
[BlackElo "2290"]

1.e4 c5 2.c3 Nf6 3.e5 Nd5 4.d4 cxd4 5.Nf3 e6 6.cxd4 d6 7.Nc3 Nxc3 8.bxc3 Qc7
9.Qb3 Nc6 10.Bf4 dxe5 11.Bxe5 Nxe5 12.Nxe5 Bd6 13.Bb5+ Kf8 14.f4 g6 15.O-O Kg7
16.a4 b6 17.Be2 Rb8 18.g3 Bb7 19.Bf3 Ba6 20.Rf2 Rbc8 21.Rc1 Bc4 22.Qd1 Qe7
23.h4 h5 24.Be4 Rc7 25.Nxc4 Rxc4 26.Bd3 Rc7 27.Qb3 Qd8 28.Re1 Be7 29.Be4 Bf6
30.Re3 Qd6 31.Kh2 Rhc8 32.Bg2 Qd7 33.Ra2 Qd6 34.Rf2 Qd7  1/2-1/2

[Event "Sparkasse op"]
[Site "Dortmund"]
[Date "1998.??.??"]
[Round "?"]
[White "Schmittdiel, Eckhard"]
[Black "Bischoff, Klaus"]
[Result "1-0"]
[WhiteElo "2460"]
[BlackElo "2545"]

1.e4 c5 2.c3 Nf6 3.e5 Nd5 4.d4 cxd4 5.Nf3 e6 6.cxd4 d6 7.Nc3 Nxc3 8.bxc3 Qc7
9.Qc2 Nd7 10.Bf4 dxe5 11.Bxe5 Nxe5 12.Nxe5 Bd6 13.Bb5+ Ke7 14.O-O Bxe5 15.dxe5 Qxe5
16.Rab1 a6 17.Be2 b5 18.Bf3 Ra7 19.Rfe1 Qc5 20.a4 Bd7 21.axb5 axb5 22.Rb3 g6
23.Qd2 h5 24.h4 Rc8 25.Reb1 Ra3 26.Rxa3 Qxa3 27.Rd1 Rc7 28.Bc6 Qa7 29.Qd6+ Ke8
30.Bxb5 Qb7 31.c4 Qc8 32.Ba6 Qb8 33.Qe5 Qb3 34.Qd4 Qa3 35.Bb5 Qa7 36.c5 Qb7
37.Qe5 Rxc5 38.Bxd7+ Qxd7 39.Qh8+ Ke7 40.Rxd7+ Kxd7 41.Qf8 Rf5 42.g3 e5 43.Kf1 Ke6
44.g4  1-0

[Event "Sparkasse op"]
[Site "Dortmund"]
[Date "1998.??.??"]
[Round "?"]
[White "Schmittdiel, Eckhard"]
[Black "Richter, Michael"]
[Result "1/2-1/2"]
[WhiteElo "2460"]
[BlackElo "2360"]

1.e4 c5 2.c3 Nf6 3.e5 Nd5 4.Nf3 Nc6 5.d4 cxd4 6.Bc4 Nb6 7.Bb3 g6 8.cxd4 d5
9.exd6 Qxd6 10.Ng5 e6 11.Qf3 f5 12.Be3 a5 13.Nc3 a4 14.Bxe6 Bxe6 15.Nxe6 Qxe6
16.d5 Nxd5 17.Nxd5 Bd6 18.O-O O-O 19.Nf4 Qe4 20.Qxe4 fxe4 21.Nd5 Be5 22.Rab1 Rfd8
23.Rfd1 Ra5 24.Ne7+ Kf7 25.Nxc6 Rxd1+ 26.Rxd1 bxc6 27.Rd7+ Ke6 28.Rb7 Rd5
29.g3 Rd1+ 30.Kg2 Ra1 31.a3 Ra2 32.Bc1 Ra1 33.Be3 Ra2 34.Bc1 Ra1 35.Bh6 Ra2  1/2-1/2

[Event "Sparkasse op"]
[Site "Dortmund"]
[Date "1998.??.??"]
[Round "?"]
[White "Zumsande, Martin"]
[Black "Leitao, Rafael"]
[Result "1/2-1/2"]
[WhiteElo "2230"]
[BlackElo "2515"]

1.e4 c5 2.c3 Nf6 3.e5 Nd5 4.d4 cxd4 5.Nf3 e6 6.cxd4 d6 7.a3 Bd7 8.Bd3 Bc6
9.O-O Nd7 10.Re1 Qc7 11.Nbd2 dxe5 12.dxe5 Nf4 13.Be4 Nc5 14.Bxc6+ Qxc6 15.Nb3 Nd5
16.Be3 Nxb3 17.Qxb3 Be7 18.Rac1 Qd7 19.Bc5 O-O 20.Bxe7 Qxe7 21.Nd2 Rac8 22.Ne4 b6
23.Rc4 h6 24.Rec1 Rxc4 25.Rxc4 Rd8 26.g3 Qf8 27.Qc2 Qe7 28.Rc6 g6 29.h4 Kg7
30.Qc4 Rd7 31.Nd6 Rd8 32.Ne4 Rd7 33.Nd6  1/2-1/2